000 00342nam a2200121Ia 4500
008 220217s9999||||xx |||||||||||||| ||und||
082 _a604.2 GOP
100 _aGopalakrishna, K R
245 0 _aText book of computer addied engineering drawing
260 _aSubhas Publications
_bBangalore
_c207
300 _b165
650 _aMECHANICHAL
999 _c175156
_d175156